| 000 | 00332nam a22001457a 4500 | ||
|---|---|---|---|
| 020 | _a9780070086951 | ||
| 082 |
_a532.54 _bSUB/FL |
||
| 100 |
_aSubramanya K _9149 |
||
| 245 | _aFlow in open channels | ||
| 250 | _a3 | ||
| 260 |
_aNew Delhi _bTata McGraw Hill _c2011 |
||
| 300 | _a548 | ||
| 650 |
_aFlow theory _9150 |
||
| 942 | _cBK | ||
| 999 |
_c14130 _d14130 |
||